Short Scrabble Words Containing "X" - Statistics

General Stats
  • This quiz has been taken 466 times
  • The average score is 43 of 108
Answer Stats
Answer % Correct
ax
95%
axe
92%
ex
92%
ox
92%
sex
86%
tax
86%
box
85%
fox
85%
pox
85%
max
83%
fix
82%
mix
82%
lax
81%
pix
80%
fax
79%
lox
79%
rex
79%
six
78%
wax
78%
hex
77%
sax
77%
cox
76%
oxen
75%
pax
75%
sox
73%
nix
69%
lex
64%
lux
64%
vex
63%
axes
62%
tux
61%
exit
57%
taxi
55%
xi
55%
vox
54%
sexy
52%
rax
51%
exes
50%
dex
49%
next
49%
text
48%
axis
46%
foxy
45%
maxi
45%
boxy
44%
waxy
42%
axle
40%
flex
39%
xu
39%
axed
38%
axel
38%
oxes
38%
oxy
38%
poxy
38%
gox
35%
hoax
35%
zax
34%
flax
33%
jinx
31%
lynx
31%
exam
30%
oxo
29%
onyx
27%
xis
27%
exed
26%
flux
26%
coax
25%
crux
23%
sext
21%
pixy
19%
apex
18%
kex
18%
minx
18%
pyx
18%
doxy
17%
axon
16%
plex
16%
exon
15%
luxe
15%
ibex
14%
mixt
13%
faux
12%
axil
10%
dexy
10%
exec
10%
expo
10%
oryx
10%
vext
10%
axal
8%
fixt
8%
nixy
7%
roux
7%
ixia
6%
xyst
6%
oxid
5%
nixe
4%
prex
4%
taxa
4%
calx
3%
coxa
3%
doux
3%
eaux
3%
ilex
3%
jeux
3%
moxa
3%
oxim
3%
brux
2%
falx
2%
No matching quizzes found
Score Distribution
Percent of People with Each Score
Percentile by Number Answered
Your Score History
You have not taken this quiz